15 największych miast w Polsce - Statystyki

Ogólne statystyki
  • Ten quiz został rozwiązany 58 razy
  • Średni wynik to 14 z 15
Statystyki odpowiedzi
ludność miasto % Poprawnych
1.862 mil Warszawa
100%
487 tys Gdańsk
98%
807 tys Kraków
98%
673 tys Wrocław
98%
648 tys Łódź
96%
290 tys Białystok
94%
324 tys Bydgoszcz
94%
536 tys Poznań
94%
387 tys Szczecin
94%
280 tys Katowice
92%
241 tys Gdynia
90%
328 tys Lublin
88%
197 tys Rzeszów
77%
205 tys Częstochowa
75%
196 tys Radom
69%
Nie znaleziono quizów pasujących do podanych kryteriów
Rozkład punktacji
Procent ludzi z każdym wynikiem
Percentyl według liczby udzielonych odpowiedzi
Twoja historia wyników
Nie rozwiązałeś tego quizu